| 000 | 00541nam a22001451c 4500 | ||
|---|---|---|---|
| 001 | a987656222 | ||
| 008 | 070514s1932 gw |||| 000u ger d | ||
| 041 | _ager | ||
| 100 | 1 | _aThadden-Trieglaff, Reinold von | |
| 245 | 0 | 0 |
_aHeinrich von Oertzen auf Trieglaff, der erste nationale Landrat des Greifenberger Kreises in der Zeit der Erhebung Preußens gegen Napoleon : _bEin Lebensbild nach seinen Briefen |
| 264 |
_aGreifenberg i. Pommern : _bGreifenberger Kreisdruckerei, _c1932 |
||
| 942 | _cMG | ||
| 040 | _cRU-10907106 | ||
| 003 | RU-10907106 | ||
| 999 |
_c10896 _d10896 |
||